| 000 | 00559nam a22001937a 4500 | ||
|---|---|---|---|
| 003 | JO-AjAnu | ||
| 005 | 20241023103201.0 | ||
| 008 | 241022b jo ||||| |||| 00| 0 ara d | ||
| 020 | _a9798863571577 | ||
| 040 |
_aJO-AjAnu _beng _cJO-AjAnu _dJO-AjAnu _erda |
||
| 041 |
_aeng _heng |
||
| 050 |
_aTJ211 _b2023 |
||
| 100 | 1 |
_aLtd, Cybellium _eauthor _966382 |
|
| 245 | 1 | 0 |
_aMASTERING ROBOTICS : A COMPREHENSIVE GUIDE TO LEARN ROBOTICS / _c BY Cybellium Ltd |
| 260 |
_bCybellium, _c2023 |
||
| 300 | _apeg 109 | ||
| 650 | 7 | 0 |
_arobotics _966383 |
| 942 |
_2lcc _cBK _n0 |
||
| 999 |
_c33818 _d33818 |
||